000 00612nam a2200157 4500
008 010730s2000 ch chiYA
020 _a957976123X
090 _aBS1225.3
_bH86t
100 1 _a黃登煌著 Huang, Teng Huang
245 1 0 _a摩西五經主題要義 Theme message of the Pentateuch {ch} /
_c黃登煌著 Teng Huang Huang
260 _aTaipei :
_b:中國信徒佈道會 Taipei Chinese Christian Ministry,
_cc2000.
300 _a420 p.
650 4 _aBible. O.T. Pentateuch
_xCommentaries {ch}
950 0 _350/297.50
951 _pC-3835
_x00014580
_oBS1225.3/H86t
_j070613110942000
_d2000-12-21
_cREF-CH
999 _c2698
_d2698